| 000 | 00601nam a2200217Ii 4500 | ||
|---|---|---|---|
| 003 | JO-AjNU | ||
| 008 | 230606s9999||||xx |||||||||||||| ||und|| | ||
| 020 | _a0-596-00092-8 | ||
| 040 |
_aJO-AjNU _beng _erda _cJO-AjNU |
||
| 041 | _aeng | ||
| 050 | 1 | 4 | _aQA76.73.B3.R657.2001 |
| 100 | 3 |
_aRoman,steven/Lomax,Paul, _eauthor _93695 |
|
| 245 | 0 | 0 | _aVB.NET LANGUAGE IN A NUTSHELL |
| 250 | _a1 ed | ||
| 264 | 3 | 1 | _aOREILLY |
| 300 | _a636p | ||
| 336 |
_atext _btxt _2rdacontent |
||
| 337 |
_aunmediated _bn _2rdamedia |
||
| 338 |
_avolume _bnc _2rdacarrier |
||
| 650 | 4 |
_aVB.NET LANGUAGE IN A NUTSHELL _93696 |
|
| 999 |
_aE1927 _c1927 _d1927 |
||